Essentials of strategic management (Record no. 76971)

MARC details
000 -LEADER
fixed length control field 00521 a2200181 4500
005 - DATE AND TIME OF LATEST TRANSACTION
control field 20130722104809.0
008 - FIXED-LENGTH DATA ELEMENTS--GENERAL INFORMATION
fixed length control field 130722b xxu||||| |||| 00| 0 eng d
020 ## - INTERNATIONAL STANDARD BOOK NUMBER
International Standard Book Number 9788132110378
080 ## - UNIVERSAL DECIMAL CLASSIFICATION NUMBER
Universal Decimal Classification number 658
Item number PIT
100 ## - MAIN ENTRY--PERSONAL NAME
Personal name Pitt, Martyn
245 ## - TITLE STATEMENT
Title Essentials of strategic management
Statement of responsibility, etc Martyn Pitt and Dimitrios Koufopoulos
260 ## - PUBLICATION, DISTRIBUTION, ETC. (IMPRINT)
Name of publisher, distributor, etc Sage
Date of publication, distribution, etc 2012
Place of publication, distribution, etc Los Agneles
300 ## - PHYSICAL DESCRIPTION
Extent xviii, 451p.
653 ## - INDEX TERM--UNCONTROLLED
Uncontrolled term Stratigic management
653 ## - INDEX TERM--UNCONTROLLED
Uncontrolled term Strategic decision making
653 ## - INDEX TERM--UNCONTROLLED
Uncontrolled term Strategy implementation
942 ## - ADDED ENTRY ELEMENTS (KOHA)
item type Books
Holdings
Lost status Source of classification or shelving scheme Not for loan Home library Current library Date acquired Cost, normal purchase price Total Checkouts Full call number Barcode Date last seen Date checked out Cost, replacement price Price effective from Koha item type
  Universal Decimal Classification   University Library University Library 19/02/2013 0.00 3 658 PIT 00069349 01/01/2018 21/12/2017 0.00 19/02/2013 Books
University Library, CUSAT